| 000 | 04627cgm a22009375c 4500 | ||
|---|---|---|---|
| 001 | 10183228 | ||
| 005 | 20161115115122.0 | ||
| 007 | vd cvaizq | ||
| 008 | 130227t2012 c 093 j vaeng d | ||
| 020 | _a8717418366971 | ||
| 024 | 1 | _a786936813111 | |
| 024 | 1 | _aBUA0182601 | |
| 028 | 4 | 2 |
_a10676300 _bDisney |
| 028 | 4 | 2 |
_a8026761 _bDisney |
| 028 | 4 | 2 |
_a106763 _bDisney |
| 035 | _a(OCoLC)ocn809950145 | ||
| 035 |
_a(OCoLC)809950145 _z(OCoLC)811780960 |
||
| 035 | _a(NNC)10183228 | ||
| 037 |
_bMidwest Tape _nhttp://www.midwesttapes.com |
||
| 040 |
_aLPU _cLPU _dOCLCO _dTEF _dTEFMT _dOCLCO _dTEF _dIMD _dBKX _dGK8 _dIA4 _dJO6 _dUPZ _dVP@ _dDAC _dTXI _dEG-ScBUE |
||
| 041 | 1 |
_aeng _afre _aspa _jeng _jfre _jspa _heng |
|
| 043 | _ae-uk-st | ||
| 082 | 0 | 4 |
_a791.4372 _bBRA _222 |
| 130 | 0 | _aBrave (Motion picture) | |
| 245 | 1 | 0 |
_aBrave _h[videorecording] / _cDisney presents a Pixar Animation Studios film ; directed by Mark Andrews and Brenda Chapman ; produced by Katherine Sarafian ; executive producers, John Lasseter, Andrew Stanton, Pete Docter ; story by Brenda Chapman ; screenplay by Mark Andrews, Steve Purcell and Brenda Chapman & Irene Mecchi. |
| 260 |
_aBurbank : _bDisney : _bDistributed by Buena Vista Home Entertainment, _cc.2012. |
||
| 300 |
_a1 videodisc (93 min.) : _bsd., col. ; _c4 3/4 in. |
||
| 490 | 0 | _aDisney DVD | |
| 500 | _aOriginally released as a motion picture in 2012. | ||
| 500 | _aBonus features: "La luna" theatrical short; "The legend of Mordu" short; Audio commentary with director Mark Andrews, co-director Steve Purcell, story supervisor Brian Larsen, and editor Nick Smith. | ||
| 508 | _aOriginal score composed by Patrick Doyle ; film editor, Nicholas C. Smith ; production designer, Steve Pilcher ; director of photography, Robert Anderson (camera), Danielle Feinberg (lighting). | ||
| 511 | 1 | _aVoices : Kelly Macdonald, Billy Connolly, Emma Thompson, Julie Walters, Robbie Coltrane, Kevin McKidd, Craig Ferguson, Patrick Doyle, John Ratzenberger. | |
| 520 | _aPrincess Merida, an archer and self-reliant young woman, makes a decision which defies custom and brings chaos to her kingdom. To restore her kingdom, she must rely on her bravery and archery skills. | ||
| 521 | 8 | _aMPAA rating : PG ; for some scary action and rude humor. | |
| 538 | _aDVD, region 1 ; widescreen (2.39:1) presentation ; Dolby Digital, 2.0 surround (English), 5.1 surround (English, French and Spanish). | ||
| 546 | _aEnglish, French or Spanish dialogue; Spanish, English or French subtitles. English subtitles for the deaf and hard-of-hearing. Audio described. | ||
| 650 | 0 |
_aArchers _zScotland _vDrama. _2BUEsh |
|
| 650 | 0 |
_aMagic _vDrama. _2BUEsh |
|
| 650 | 0 |
_aPrincesses _vDrama. _2BUEsh _935281 |
|
| 650 | 0 |
_aArchers _zScotland _vJuvenile drama. _2BUEsh |
|
| 650 | 0 |
_aMagic _vJuvenile drama. _2BUEsh |
|
| 650 | 7 |
_aTiro con arco _zEscocia _vTeatro. _2BUEsh |
|
| 650 | 7 |
_aMagia _vTeatro. _2BUEsh |
|
| 651 | 0 |
_aScotland _vDrama. _2BUEsh |
|
| 651 | 0 |
_aScotland _vJuvenile drama. _2BUEsh |
|
| 651 | 7 |
_aEscocia _vTeatro. _2BUEsh |
|
| 653 |
_bEEENG _bHHUUEENN _cNovember2016 |
||
| 655 | 7 |
_aFeature films. _2BUEsh |
|
| 655 | 7 |
_aChildren's films. _2BUEsh |
|
| 655 | 7 |
_aFiction films. _2BUEsh |
|
| 655 | 7 |
_aComputer animation films. _2BUEsh |
|
| 655 | 7 |
_aAnimated films. _2BUEsh |
|
| 655 | 7 |
_aVideo recordings for the hearing impaired. _2BUEsh |
|
| 655 | 7 |
_aVideo recordings for people with visual disabilities. _2BUEsh |
|
| 700 | 1 |
_aAndrews, Mark, _escreenwriter. |
|
| 700 | 1 |
_aChapman, Brenda, _edirector. |
|
| 700 | 1 |
_aSarafian, Katherine, _eproducer. |
|
| 700 | 1 |
_aLasseter, John, _eproducer. |
|
| 700 | 1 |
_aStanton, Andrew, _eproducer. |
|
| 700 | 1 |
_aDocter, Pete, _eproducer. |
|
| 700 | 1 |
_aPurcell, Steve, _d1961- _edirector, _escreenwriter, _eactor. |
|
| 700 | 1 |
_aMecchi, Irene, _escreenwriter. |
|
| 700 | 1 |
_aDoyle, Patrick, _d1953- _ecomposer. |
|
| 700 | 1 |
_aSmith, Nicholas C., _efilm editor. |
|
| 700 | 1 |
_aPilcher, Steve, _edesigner. |
|
| 700 | 1 |
_aAnderson, Robert. _ecinematographer |
|
| 700 | 1 |
_aFeinberg, Danielle. _ecinematographer |
|
| 700 | 1 |
_aMacDonald, Kelly, _d1976- _eactor. |
|
| 700 | 1 |
_aConnolly, Billy. _eactor. |
|
| 700 | 1 |
_aThompson, Emma. _eactor. |
|
| 700 | 1 |
_aWalters, Julie, _d1950- _eactor. |
|
| 700 | 1 |
_aColtrane, Robbie. _eactor. |
|
| 700 | 1 |
_aMcKidd, Kevin. _eactor. |
|
| 700 | 1 |
_aFerguson, Craig, _d1962- _eactor. |
|
| 700 | 1 |
_aDoyle, Patrick, _d1953- _eactor. |
|
| 700 | 1 |
_aRatzenberger, John. _eactor. |
|
| 710 | 2 |
_aWalt Disney Pictures. _925012 |
|
| 710 | 2 | _aPixar (Firm) | |
| 710 | 2 |
_aBuena Vista Home Entertainment (Firm) _925034 |
|
| 942 |
_2ddc _cDVD |
||
| 999 |
_c23089 _d23061 |
||